[Event "I Festival A"]
[Site "Verona ITA"]
[Date "1995.01.??"]
[Round "7"]
[White "Parrella, Alfredo"]
[Black "Pietralunga, Nicola"]
[Result "1/2-1/2"]
[WhiteElo "2205"]
[BlackElo "2045"]
[PlyCount "30"]
[EventDate "1995.01.02"]

1. e4 e6 2. d4 d5 3. Nd2 Nf6 4. e5 Nfd7 5. Bd3 c5 6. c3 Nc6 7. Ne2 cxd4 8. cxd4
f6 9. exf6 Nxf6 10. Nf3 Bd6 11. O-O O-O 12. Bf4 Bxf4 13. Nxf4 Ng4 14. Ne2 e5
15. dxe5 Qb6 1/2-1/2

[Event "I Festival A"]
[Site "Verona ITA"]
[Date "1995.01.??"]
[Round "7"]
[White "Popa, Florin"]
[Black "Everet, Alexandro"]
[Result "1-0"]
[WhiteElo "2060"]
[BlackElo "2105"]
[PlyCount "69"]
[EventDate "1995.01.02"]

1. e4 c5 2. c3 e6 3. d4 cxd4 4. cxd4 Bb4+ 5. Nc3 Ne7 6. Nf3 O-O 7. Bd3 b6 8.
O-O h6 9. Qe2 Bb7 10. Be3 Nbc6 11. Rac1 Rc8 12. Rfd1 d5 13. e5 Bxc3 14. Rxc3 f5
15. exf6 Rxf6 16. Bb1 Qd6 17. Nh4 Rcf8 18. Qc2 Nf5 19. Nxf5 exf5 20. g3 g5 21.
f4 Rg6 22. Rf1 Bc8 23. fxg5 hxg5 24. Bxg5 Nxd4 25. Qd2 Ba6 26. Qxd4 Rxg5 27.
Rf4 Re8 28. Re3 Rc8 29. Bxf5 Rc1+ 30. Kg2 Bf1+ 31. Kf2 Rxf5 32. Rxf5 Qg6 33.
Qxd5+ Kh8 34. Rh5+ Kg7 35. Rg5 1-0

[Event "I Festival A"]
[Site "Verona ITA"]
[Date "1995.01.??"]
[Round "7"]
[White "Rossi, Giampiero"]
[Black "Farina, Saverio"]
[Result "1/2-1/2"]
[WhiteElo "2145"]
[BlackElo "2120"]
[PlyCount "66"]
[EventDate "1995.01.02"]

1. d4 d5 2. c4 e6 3. Nc3 c5 4. cxd5 exd5 5. Nf3 Nc6 6. e3 Nf6 7. Be2 a6 8. O-O
Bd6 9. b3 O-O 10. dxc5 Bxc5 11. Bb2 Ba7 12. Rc1 Re8 13. Re1 d4 14. exd4 Nxd4
15. Nxd4 Qxd4 16. Qxd4 Bxd4 17. Bf3 Rb8 18. Rxe8+ Nxe8 19. Rd1 Bf6 20. Na4 Kf8
21. Bxf6 Nxf6 22. Rd8+ Ke7 23. Rh8 b5 24. Nc5 Ne8 25. Rxh7 Bf5 26. Rh4 a5 27.
a3 Nf6 28. Rd4 b4 29. axb4 Rxb4 30. Rxb4 axb4 31. Na6 Bc2 32. Nxb4 Bxb3 33.
Nc6+ Kd6 1/2-1/2

[Event "I Festival A"]
[Site "Verona ITA"]
[Date "1995.01.??"]
[Round "7"]
[White "Sulava, Nenad"]
[Black "Naumkin, Igor"]
[Result "1/2-1/2"]
[WhiteElo "2420"]
[BlackElo "2500"]
[PlyCount "23"]
[EventDate "1995.01.02"]

1. e4 e6 2. d4 d5 3. e5 c5 4. c3 Nc6 5. Nf3 Qb6 6. a3 c4 7. g3 Bd7 8. Bh3 Na5
9. Nbd2 h6 10. O-O O-O-O 11. Ne1 Ne7 12. Ng2 1/2-1/2

[Event "I Festival A"]
[Site "Verona ITA"]
[Date "1995.01.??"]
[Round "7"]
[White "Zlochevskij, Alexander"]
[Black "Garista, Eugenio"]
[Result "1-0"]
[WhiteElo "2485"]
[BlackElo "1932"]
[PlyCount "107"]
[EventDate "1995.01.02"]

1. d4 Nf6 2. Bg5 Ne4 3. Bh4 g5 4. f3 gxh4 5. fxe4 c5 6. e3 Nc6 7. Nf3 e6 8. Nc3
Bh6 9. d5 Ne7 10. Bc4 Bxe3 11. Qe2 Bd4 12. Nb5 O-O 13. Nbxd4 cxd4 14. O-O-O
exd5 15. exd5 d6 16. Nxh4 Nxd5 17. Rxd4 Qg5+ 18. Qd2 Qxd2+ 19. Rxd2 Nb6 20. Bb3
d5 21. Bxd5 Nxd5 22. Rxd5 Be6 23. Rd4 Rfc8 24. a3 Bb3 25. c3 a5 26. Nf5 Rc5 27.
Rf1 b5 28. Kd2 Re8 29. Rf3 Kf8 30. Rh4 Rce5 31. Nd4 Bd5 32. Rf5 Be4 33. Rxe5
Rxe5 34. g3 Bg6 35. Nc6 Rf5 36. Rf4 Rh5 37. h4 a4 38. Rb4 f6 39. Rd4 Be8 40.
Rd6 Kf7 41. Nd4 Ke7 42. Rb6 Bd7 43. Ke3 Rd5 44. Kf4 h5 45. Rb8 Kd6 46. Rf8 Ke7
47. Rh8 Bg4 48. Rh7+ Ke8 49. Rg7 Bh3 50. Rb7 Bd7 51. Ke4 Re5+ 52. Kd3 Rc5 53.
Ra7 Rd5 54. Ra8+ 1-0

[Event "I Festival A"]
[Site "Verona ITA"]
[Date "1995.01.??"]
[Round "8"]
[White "Agnelli, Francesco"]
[Black "Cecchetto, Vanni"]
[Result "1-0"]
[WhiteElo "2012"]
[BlackElo "1933"]
[PlyCount "37"]
[EventDate "1995.01.02"]

1. e4 e5 2. Nf3 Nf6 3. Nxe5 d6 4. Nf3 Nxe4 5. d4 d5 6. Bd3 Be7 7. O-O Nc6 8. c4
Bg4 9. Nc3 Nxc3 10. bxc3 dxc4 11. Bxc4 Na5 12. Bxf7+ Kf8 13. Bb3 Nxb3 14. Qxb3
Bxf3 15. gxf3 b6 16. Bf4 g6 17. Bh6+ Ke8 18. Rfe1 Qd6 19. Bg5 1-0

[Event "I Festival A"]
[Site "Verona ITA"]
[Date "1995.01.??"]
[Round "8"]
[White "Bevilacqua, Maurizio"]
[Black "De Vita, Igor"]
[Result "0-1"]
[WhiteElo "1974"]
[BlackElo "2140"]
[PlyCount "64"]
[EventDate "1995.01.02"]

1. d4 Nf6 2. c4 e6 3. Nc3 Bb4 4. Nf3 O-O 5. g3 b6 6. Bg2 Bb7 7. O-O c5 8. d5
Bxc3 9. bxc3 d6 10. Nh4 e5 11. e4 Ne8 12. Qh5 Bc8 13. Bg5 f6 14. Be3 g6 15. Qe2
Ng7 16. Bh6 g5 17. Nf5 Bxf5 18. exf5 Re8 19. Be4 Qd7 20. Qg4 Kh8 21. Kg2 Na6
22. a4 Nc7 23. Rh1 Rg8 24. h4 gxh4 25. Rxh4 Raf8 26. Rah1 Rf7 27. Qg6 Nge8 28.
Qh5 Ng7 29. Qg6 Nge8 30. Qh5 Re7 31. Qd1 Ng7 32. Qg4 Na6 0-1

[Event "I Festival A"]
[Site "Verona ITA"]
[Date "1995.01.??"]
[Round "8"]
[White "Cvitan, Ognjen"]
[Black "Sulava, Nenad"]
[Result "1/2-1/2"]
[WhiteElo "2520"]
[BlackElo "2420"]
[PlyCount "21"]
[EventDate "1995.01.02"]

1. d4 d5 2. c4 e6 3. Nf3 Nf6 4. Nc3 Be7 5. Bg5 h6 6. Bxf6 Bxf6 7. e3 O-O 8. Rc1
c6 9. Bd3 dxc4 10. Bxc4 Nd7 11. O-O 1/2-1/2

[Event "I Festival A"]
[Site "Verona ITA"]
[Date "1995.01.??"]
[Round "8"]
[White "Dai Campi, Danilo"]
[Black "Rossi, Giampiero"]
[Result "0-1"]
[WhiteElo "1911"]
[BlackElo "2145"]
[PlyCount "76"]
[EventDate "1995.01.02"]

1. e4 c5 2. c3 d5 3. exd5 Qxd5 4. d4 e6 5. Nf3 Nc6 6. Be2 cxd4 7. cxd4 Nf6 8.
Nc3 Qd6 9. O-O Be7 10. Qa4 Bd7 11. Nb5 Qb8 12. Qc2 O-O 13. a3 Rc8 14. Nc3 Be8
15. Bd3 b5 16. Qe2 a6 17. Be3 Qd6 18. Rfd1 h6 19. h3 Bf8 20. g3 Ne7 21. Bf4 Qd8
22. Ne5 Ned5 23. Bd2 Nxc3 24. Bxc3 Nd5 25. Bd2 g6 26. h4 Bg7 27. h5 g5 28. g4
Nf6 29. Bc3 Qd5 30. Rac1 Bc6 31. Nxc6 Rxc6 32. Bb1 Rb8 33. Qd3 Qd7 34. f3 Nd5
35. Rd2 Qd6 36. Rdc2 Nxc3 37. bxc3 Rxc3 38. Qxc3 Qg3+ 0-1

[Event "I Festival A"]
[Site "Verona ITA"]
[Date "1995.01.??"]
[Round "8"]
[White "Delanoy, Arnaud"]
[Black "Popa, Florin"]
[Result "1/2-1/2"]
[WhiteElo "2155"]
[BlackElo "2060"]
[PlyCount "81"]
[EventDate "1995.01.02"]

1. e4 e5 2. Nc3 Nf6 3. Bc4 Nc6 4. d3 Na5 5. Bb3 Nxb3 6. axb3 d5 7. exd5 Nxd5 8.
Nf3 Nxc3 9. bxc3 Bd6 10. O-O O-O 11. Re1 Re8 12. h3 b6 13. Ng5 Qf6 14. Ne4 Qg6
15. Re3 Bb7 16. Rg3 Qe6 17. Qh5 Bxe4 18. dxe4 g6 19. Qe2 a5 20. c4 Rad8 21. Rd3
Be7 22. Rd5 c6 23. Rxd8 Rxd8 24. Be3 c5 25. Rd1 Rxd1+ 26. Qxd1 Kf8 27. Qd5 Qxd5
28. cxd5 b5 29. Bd2 Bd8 30. c4 b4 31. Be3 Be7 32. g3 Ke8 33. f4 f6 34. Kf2 Kd7
35. Bc1 a4 36. bxa4 Kc7 37. Ke2 Kb6 38. fxe5 fxe5 39. Kd3 Ka5 40. Kc2 Kxa4 41.
Kb2 1/2-1/2

[Event "I Festival A"]
[Site "Verona ITA"]
[Date "1995.01.??"]
[Round "8"]
[White "Everet, Alexandro"]
[Black "Barberi, Alessandro"]
[Result "1-0"]
[WhiteElo "2105"]
[BlackElo "2032"]
[PlyCount "83"]
[EventDate "1995.01.02"]

1. e4 c5 2. Nf3 d6 3. Bc4 Nf6 4. Nc3 g6 5. h3 Bg7 6. O-O O-O 7. d3 Nc6 8. Nh2
a6 9. a4 e6 10. Bg5 Rb8 11. Qd2 b5 12. axb5 axb5 13. Bxb5 Nd4 14. Ba4 Rxb2 15.
Ng4 h5 16. Ne3 Bd7 17. Nc4 Rb4 18. Nxd6 Bxa4 19. e5 Bxc2 20. exf6 Bxf6 21. Bxf6
Qxf6 22. Nde4 Qe7 23. Ra6 Rd8 24. Rfa1 Rb7 25. Ra8 Rbd7 26. Rxd8+ Rxd8 27. Ra6
c4 28. Qf4 cxd3 29. Qe5 Ne2+ 30. Kh2 Nxc3 31. Nf6+ Kf8 32. Nxh5 f6 33. Nxf6 Kf7
34. Ng4 Nd5 35. Nh6+ Ke8 36. Rxe6 d2 37. Ng8 Rd7 38. Nxe7 Rxe7 39. Rxe7+ Nxe7
40. Qb8+ Kd7 41. Qb5+ Kd8 42. Qa5+ 1-0

[Event "I Festival A"]
[Site "Verona ITA"]
[Date "1995.01.??"]
[Round "8"]
[White "Farina, Saverio"]
[Black "Di Lazzaro, Gabriele"]
[Result "1-0"]
[WhiteElo "2120"]
[BlackElo "2140"]
[PlyCount "103"]
[EventDate "1995.01.02"]

1. d4 g6 2. c4 Bg7 3. Nc3 c5 4. e3 Nf6 5. Nf3 O-O 6. Be2 cxd4 7. exd4 d5 8. O-O
dxc4 9. Bxc4 Bg4 10. Be3 Nc6 11. h3 Bxf3 12. Qxf3 a6 13. Rfd1 Rc8 14. Rac1 Qa5
15. Bb3 Rfd8 16. Ne4 Nxe4 17. Bxf7+ Kf8 18. Be6+ Nf6 19. Bxc8 Rxc8 20. d5 Qxa2
21. dxc6 bxc6 22. Rxc6 Rb8 23. b4 Rxb4 24. Bc5 Rb1 25. Rxf6+ Bxf6 26. Qxf6+ Kg8
27. Qd4 Rxd1+ 28. Qxd1 Qe6 29. Ba3 Kf7 30. Qd8 Qf5 31. Qh8 h5 32. Qh7+ Ke6 33.
Qh8 Qf6 34. Qxf6+ exf6 35. Kf1 Kd5 36. Ke2 Ke4 37. f3+ Kf5 38. Kd3 g5 39. Kd4
g4 40. fxg4+ hxg4 41. h4 a5 42. Kc4 Ke4 43. Bd6 Kf5 44. Kb5 Kg6 45. Kxa5 Kf5
46. Kb5 Kg6 47. Kc6 Kf5 48. Kd5 Kg6 49. Ke6 Kg7 50. Bb8 Kg6 51. Ba7 f5 52. Ke5
1-0

[Event "I Festival A"]
[Site "Verona ITA"]
[Date "1995.01.??"]
[Round "8"]
[White "Garista, Eugenio"]
[Black "Leoncini, Mario"]
[Result "0-1"]
[WhiteElo "1932"]
[BlackElo "2185"]
[PlyCount "118"]
[EventDate "1995.01.02"]

1. d4 d5 2. Nf3 Nf6 3. g3 e6 4. Bg2 Be7 5. O-O O-O 6. c4 c6 7. Qc2 b6 8. b3 Bb7
9. Bb2 Nbd7 10. Nc3 Rc8 11. Nd2 Rc7 12. Rac1 Qa8 13. cxd5 cxd5 14. Qb1 Rfc8 15.
Rc2 Ba6 16. Rfc1 Qb8 17. a3 b5 18. b4 Nb6 19. Nb3 Nc4 20. Nc5 Qb6 21. a4 bxa4
22. N3xa4 Qb5 23. Rc3 Nd7 24. Ba1 Rb8 25. Qc2 Ncb6 26. Bf1 Nxa4 27. e3 Qb6 28.
Nxa4 Rxc3 29. Qxc3 Qd6 30. Bxa6 Qxa6 31. Nc5 Qb5 32. Qa3 Ra8 33. Qa6 Qxa6 34.
Nxa6 Bd8 35. Rc6 Nb6 36. b5 Nc4 37. Bc3 Na3 38. Bb4 Nxb5 39. Rc5 Nd6 40. Nc7
Bxc7 41. Rxc7 Nc4 42. e4 a5 43. exd5 exd5 44. Bc3 a4 45. Rd7 a3 46. Rxd5 a2 47.
Ba1 Kf8 48. Rc5 Nd2 49. Rb5 Rc8 50. Bb2 Rc2 51. Rb8+ Ke7 52. Rb7+ Ke6 53. d5+
Kxd5 54. Bxg7 f5 55. Kg2 Ne4 56. Rd7+ Ke6 57. Ra7 Nxf2 58. Kf3 Ng4 59. h3 Rf2#
0-1

[Event "I Festival A"]
[Site "Verona ITA"]
[Date "1995.01.??"]
[Round "8"]
[White "Pietralunga, Nicola"]
[Black "Loeffler, Markus"]
[Result "0-1"]
[WhiteElo "2045"]
[BlackElo "2320"]
[PlyCount "74"]
[EventDate "1995.01.02"]

1. d4 Nf6 2. c4 g6 3. Nc3 d5 4. Bg5 Ne4 5. Bf4 Nxc3 6. bxc3 Bg7 7. e3 O-O 8.
Nf3 c5 9. cxd5 cxd4 10. cxd4 Qxd5 11. Be2 b6 12. Nd2 Bb7 13. Bf3 Qd7 14. Rc1
Rc8 15. Rxc8+ Qxc8 16. O-O Nd7 17. Qa4 e5 18. dxe5 Nxe5 19. Bxb7 Qxb7 20. Qb5
a6 21. Qb3 b5 22. Rb1 Rd8 23. Nf1 Qd5 24. Qa3 Qe6 25. Qa5 Rc8 26. Rd1 h5 27.
Nd2 Nd3 28. Bg3 Nc1 29. Nf3 Bf6 30. a4 Ne2+ 31. Kh1 Nxg3+ 32. hxg3 Bc3 33. Rd8+
Kg7 34. Nd4 Qf6 35. Rxc8 Bxa5 36. axb5 axb5 37. Nxb5 Qxf2 0-1

[Event "CB Master Tournament"]
[Site "Biel SUI"]
[Date "1995.07.??"]
[Round "1"]
[White "Zichichi, Alvise"]
[Black "Bex, Pierre-Alain"]
[WhiteElo "2315"]
[BlackElo "2175"]
[Result "0-1"]
[PlyCount "70"]
[EventDate "1995.07.??"]

1. d4 d5 2. c4 e6 3. Nc3 Nf6 4. Nf3 c6 5. cxd5 exd5 6. Bf4 Bf5 7. e3 Nbd7 8.
Bd3 Bg6 9. h3 Be7 10. O-O O-O 11. Qb1 Bxd3 12. Qxd3 Re8 13. Nd2 Nf8 14. Rad1
Bd6 15. Bg5 h6 16. Bh4 Ng6 17. Bg3 Qc7 18. e4 dxe4 19. Ndxe4 Nxe4 20. Nxe4 Bf4
21. d5 cxd5 22. Nc3 Bxg3 23. fxg3 Rad8 24. Nxd5 Qc5+ 25. Kh2 Ne5 26. Qb3 b6 27.
Rf4 Rc8 28. Nc3 Red8 29. Re1 Rc7 30. Re2 Re7 31. Rfe4 Rde8 32. Nd5 Ng4+ 33.
Rxg4 Rxe2 34. Nf6+ Kh8 35. Nxe8 Re1 0-1

[Event "CB Master Tournament"]
[Site "Biel SUI"]
[Date "1995.07.??"]
[Round "2"]
[White "Moor, Olivier"]
[Black "Zichichi, Alvise"]
[WhiteElo "2205"]
[BlackElo "2315"]
[Result "0-1"]
[PlyCount "100"]
[EventDate "1995.07.??"]

1. d4 d5 2. Nf3 c6 3. Bg5 Qb6 4. Qc1 Bf5 5. e3 f6 6. Bf4 g5 7. Bg3 Nd7 8. c4 h5
9. h3 e6 10. Nc3 Nh6 11. Be2 Bg6 12. Qd2 Nf5 13. Bd3 dxc4 14. Bxc4 Nxg3 15.
fxg3 Bf7 16. O-O-O Qb4 17. Bb3 a5 18. Rhf1 a4 19. Bc2 a3 20. b3 Qa5 21. Ne4 Bb4
22. Qd3 Rf8 23. Nfd2 Be7 24. Nc4 Qc7 25. g4 b5 26. Ncd2 hxg4 27. hxg4 Qa5 28.
Kb1 O-O-O 29. Rc1 Bg6 30. Qc3 Qxc3 31. Nxc3 Bxc2+ 32. Rxc2 Kb7 33. Nce4 f5 34.
gxf5 exf5 35. Ng3 f4 36. exf4 Rxf4 37. Rxf4 gxf4 38. Nf5 Bb4 39. Nf3 Nb6 40.
Re2 Nd5 41. Rf2 Rf8 42. N5h4 Rh8 43. Kc2 Bc3 44. Ng6 Rh1 45. Nxf4 Ra1 46. Kd3
Nxf4+ 47. Kxc3 Nd5+ 48. Kd3 Nb4+ 49. Ke4 Nxa2 50. Rc2 Nb4 0-1

[Event "CB Master Tournament"]
[Site "Biel SUI"]
[Date "1995.07.??"]
[Round "5"]
[White "Zichichi, Alvise"]
[Black "Moor, Roger"]
[WhiteElo "2315"]
[BlackElo "2150"]
[Result "1-0"]
[PlyCount "65"]
[EventDate "1995.07.??"]

1. d4 f5 2. Bg5 c6 3. e3 g6 4. Nd2 Bg7 5. h4 d6 6. c3 Be6 7. Bd3 Nd7 8. g4 fxg4
9. h5 Qa5 10. Bf4 gxh5 11. Nb3 Bxb3 12. axb3 Qd5 13. Rh2 Qf7 14. Ne2 Ngf6 15.
Bg5 Rg8 16. Ng3 Bf8 17. Bh4 Bh6 18. b4 Bg5 19. b5 c5 20. Ra3 c4 21. Bf5 Qd5 22.
Qa4 Nb6 23. Qa5 Bxh4 24. Rxh4 Qg2 25. Be6 Qg1+ 26. Ke2 Rf8 27. Nf5 Ne4 28. Ng7+
Kd8 29. Qxb6+ axb6 30. Rxa8+ Kc7 31. Rxf8 d5 32. Bxd5 Nd6 33. Ne6+ 1-0

[Event "CB Master Tournament"]
[Site "Biel SUI"]
[Date "1995.07.??"]
[Round "7"]
[White "Zichichi, Alvise"]
[Black "Pytel, Martin"]
[WhiteElo "2315"]
[BlackElo "2235"]
[Result "0-1"]
[PlyCount "106"]
[EventDate "1995.07.??"]

1. d4 g6 2. e4 Bg7 3. Nc3 c6 4. Be3 d6 5. Qd2 Qa5 6. Nge2 Na6 7. Nc1 Nf6 8. Nb3
Qc7 9. f3 O-O 10. Be2 b5 11. a3 Nb8 12. O-O Nbd7 13. Kh1 Bb7 14. Bh6 a6 15.
Bxg7 Kxg7 16. f4 c5 17. e5 Ne4 18. Qe3 f5 19. Bf3 c4 20. Bxe4 Bxe4 21. Nxe4
fxe4 22. Nd2 d5 23. c3 a5 24. f5 gxf5 25. Qg5+ Kh8 26. Rxf5 Rxf5 27. Qxf5 Nf8
28. Qf7 Qd7 29. Nf1 e6 30. Qh5 Ng6 31. Ne3 Rf8 32. Ng4 Rf5 33. Qh6 Qg7 34.
Qxg7+ Kxg7 35. a4 bxa4 36. Kg1 Nf4 37. g3 Nd3 38. Rxa4 Nxb2 39. Rxa5 Nd1 40.
Ra7+ Kg6 41. Ra1 Nxc3 42. Ra8 Ne2+ 43. Kg2 Kg7 44. Nf6 Nxd4 45. Ra7+ Kg6 46. g4
Rf3 47. h4 Nc6 48. h5+ Kg5 49. Rg7+ Kf4 50. Nxh7 Rg3+ 51. Kf1 Rxg4 52. h6 Rh4
53. Ng5 Rxh6 0-1

[Event "CB Master Tournament"]
[Site "Biel SUI"]
[Date "1995.07.??"]
[Round "8"]
[White "Bacrot, Etienne"]
[Black "Zichichi, Alvise"]
[WhiteElo "2395"]
[BlackElo "2315"]
[Result "1-0"]
[PlyCount "216"]
[EventDate "1995.07.??"]

1. d4 d5 2. c4 c6 3. Nc3 Nf6 4. Nf3 a6 5. Qb3 e6 6. cxd5 cxd5 7. Bg5 Nc6 8. e3
Be7 9. Bd3 b5 10. O-O Bb7 11. a4 Na5 12. Qd1 b4 13. Nb1 h6 14. Bxf6 Bxf6 15.
Nbd2 O-O 16. Nb3 Nxb3 17. Qxb3 Qa5 18. Nd2 e5 19. Qd1 Qd8 20. Nb3 a5 21. Rc1
Qd6 22. Bb5 Bd8 23. Nc5 Bc8 24. dxe5 Qxe5 25. Nd3 Qg5 26. Bc6 Ra7 27. Nf4 Bf6
28. Rc2 d4 29. Nd5 dxe3 30. Nxe3 Qe5 31. Qf3 Be6 32. Nd5 Bxd5 33. Bxd5 Rd7 34.
Rc5 Qxb2 35. Rxa5 Qa3 36. Qf5 Rfd8 37. Ra8 Rxa8 38. Qxd7 Rf8 39. Qb5 Qb2 40. a5
Bd4 41. Qd3 Re8 42. Qf5 Re7 43. h4 Ba7 44. Rd1 Qf6 45. Qxf6 gxf6 46. Kf1 Rc7
47. a6 Kf8 48. Bb3 Rc6 49. Rd7 Rxa6 50. Rxf7+ Ke8 51. Rh7 Bd4 52. Rxh6 Ra3 53.
Bd5 b3 54. Rh8+ Ke7 55. Rb8 b2 56. Ke2 Ra1 57. Be4 Rh1 58. Bd3 Rxh4 59. Rb4 Rh1
60. Rxd4 b1=Q 61. Bxb1 Rxb1 62. Kf3 Kf7 63. g3 Kg6 64. Kg4 Rb7 65. Ra4 Rc7 66.
Kf4 Rb7 67. f3 Rc7 68. Kg4 Rb7 69. Rc4 Ra7 70. Kh4 Rb7 71. Kh3 Ra7 72. Rg4+ Kf5
73. Rg8 Ra3 74. Kg2 Ra2+ 75. Kf1 Ra3 76. Kf2 Ra2+ 77. Kf1 Ra3 78. Kg2 Ra2+ 79.
Kh3 Ra3 80. f4 Ra1 81. Re8 Ra2 82. Rb8 Ra7 83. Rb5+ Kg6 84. Kg4 Ra4 85. Rb3 Rc4
86. Ra3 Rb4 87. Ra8 Rc4 88. Kf3 Rc3+ 89. Kg4 Rc4 90. Re8 Rb4 91. Kf3 Rb1 92.
Re2 Ra1 93. Rb2 Rc1 94. Rb4 Ra1 95. g4 Ra3+ 96. Kf2 Rc3 97. Re4 Ra3 98. Re3 Ra7
99. Kf3 Rh7 100. Re8 Ra7 101. f5+ Kf7 102. Rc8 Kg7 103. Rc6 Rb7 104. Kf4 Ra7
105. g5 fxg5+ 106. Kxg5 Rb7 107. Rg6+ Kf7 108. Rf6+ Kg7 1-0

[Event "CB Master Tournament"]
[Site "Biel SUI"]
[Date "1995.07.??"]
[Round "9"]
[White "Zichichi, Alvise"]
[Black "Giertz, Niklaus"]
[WhiteElo "2315"]
[BlackElo "2360"]
[Result "1/2-1/2"]
[PlyCount "103"]
[EventDate "1995.07.??"]

1. d4 d5 2. Bg5 h6 3. Bh4 c6 4. e3 Qb6 5. Qc1 e5 6. Nf3 exd4 7. exd4 Ne7 8. Bd3
Nf5 9. c3 Bd6 10. Nbd2 Nxh4 11. Nxh4 Qd8 12. g3 O-O 13. O-O Qf6 14. Qc2 c5 15.
dxc5 Bxc5 16. Nb3 Bb6 17. Bf5 Nc6 18. Bxc8 Raxc8 19. Qf5 Qg5 20. Rad1 Rcd8 21.
Qxg5 hxg5 22. Nf3 g4 23. Nfd4 Rfe8 24. Rfe1 Ne5 25. Kg2 Nc4 26. Rxe8+ Rxe8 27.
Rb1 g6 28. h3 f5 29. h4 Kg7 30. h5 Kf6 31. hxg6 Kxg6 32. Kf1 Bxd4 33. cxd4 Re6
34. Rc1 Rb6 35. Rc2 Rb5 36. Nc5 Nxb2 37. Ne6 Nc4 38. Nf4+ Kf6 39. Nxd5+ Rxd5
40. Rxc4 Ra5 41. a4 Ke6 42. Ke2 Kd5 43. Kd3 a6 44. Rb4 b5 45. axb5 Rxb5 46. Ra4
a5 47. Ra3 Kc6 48. Ra2 Rb3+ 49. Kc4 Rf3 50. Rxa5 Rxf2 51. Ra6+ Kd7 52. Kd5
1/2-1/2

[Event "CB Master Tournament"]
[Site "Biel SUI"]
[Date "1995.07.??"]
[Round "10"]
[White "Raeber, Markus"]
[Black "Zichichi, Alvise"]
[WhiteElo "2115"]
[BlackElo "2315"]
[Result "0-1"]
[PlyCount "58"]
[EventDate "1995.07.??"]

1. d4 d5 2. c4 c6 3. Nc3 dxc4 4. e3 b5 5. a4 b4 6. Na2 e5 7. Bxc4 exd4 8. Nf3
Ba6 9. Bxa6 Nxa6 10. exd4 Bd6 11. O-O Ne7 12. Ng5 Qd7 13. Re1 Nc7 14. Bd2 Ncd5
15. Nc1 O-O 16. Nd3 Qf5 17. Ne4 Rad8 18. Qb3 a5 19. Nxd6 Rxd6 20. Re5 Qg4 21.
Qc4 Rg6 22. g3 Nf5 23. Rxd5 cxd5 24. Qxd5 Rd6 25. Qxa5 Nxd4 26. Ne5 Qe4 27.
Bxb4 Ne2+ 28. Kf1 Rd5 29. f3 Qxe5 0-1

[Event "CB Master Tournament"]
[Site "Biel SUI"]
[Date "1995.07.??"]
[Round "11"]
[White "Zichichi, Alvise"]
[Black "Wyss, Thomas"]
[WhiteElo "2315"]
[BlackElo "2255"]
[Result "1-0"]
[PlyCount "79"]
[EventDate "1995.07.??"]

1. d4 Nf6 2. Bg5 Ne4 3. Bf4 d5 4. f3 Nf6 5. Nc3 e6 6. e4 Bb4 7. Qd3 c6 8. Nge2
b6 9. a3 Ba6 10. Qe3 Bxc3+ 11. Nxc3 Bxf1 12. Rxf1 O-O 13. Bg5 h6 14. Bxf6 Qxf6
15. O-O-O Na6 16. f4 Nc7 17. g4 Qe7 18. g5 hxg5 19. fxg5 b5 20. Rf3 b4 21. axb4
a5 22. b5 a4 23. b6 a3 24. bxc7 a2 25. Nxa2 Rxa2 26. Kb1 Ra7 27. exd5 Rfa8 28.
c8=Q+ Rxc8 29. g6 Rca8 30. c3 Ra1+ 31. Kc2 Rxd1 32. Kxd1 Ra1+ 33. Kc2 Qa7 34.
gxf7+ Kf8 35. dxe6 Qa4+ 36. Kd3 Qb5+ 37. c4 Qb3+ 38. Ke4 Qc2+ 39. Ke5 Ra5+ 40.
c5 1-0

[Event "CB Master Tournament"]
[Site "Biel SUI"]
[Date "1995.07.??"]
[Round "12"]
[White "Hochstrasser, Michael"]
[Black "Zichichi, Alvise"]
[WhiteElo "2255"]
[BlackElo "2315"]
[Result "0-1"]
[PlyCount "70"]
[EventDate "1995.07.??"]

1. d4 d5 2. c4 c6 3. Nf3 dxc4 4. e4 b5 5. Nc3 a6 6. Bg5 Nf6 7. e5 h6 8. Bh4 Nd5
9. Be2 Nxc3 10. bxc3 Be6 11. O-O Nd7 12. Nd2 Nb6 13. Bg4 Qd7 14. Bxe6 Qxe6 15.
f4 Na4 16. Ne4 O-O-O 17. f5 Qd5 18. Re1 g6 19. fxg6 fxg6 20. Qg4+ Kb8 21. Bf2
h5 22. Qxg6 Rg8 23. Qxh5 Nxc3 24. Qf3 Nxe4 25. Rxe4 Bh6 26. Qe2 Rg6 27. g3 Rh8
28. Rh4 Rf8 29. Rf1 Re6 30. Qe1 Rf3 31. Qa5 Kb7 32. Rg4 Bf8 33. Qb4 Rh6 34. Qd2
Rh7 35. Rf4 Bh6 0-1

[Event "Torneo First Saturday GM Luglio"]
[Site "Budapest HUN"]
[Date "1995.07.??"]
[Round "?"]
[White "Godena, Michele"]
[Black "Muir, Andrew J."]
[WhiteElo "2420"]
[BlackElo "2315"]
[Result "1/2-1/2"]
[PlyCount "110"]
[EventDate "1995.07.??"]

1. e4 e6 2. d4 d5 3. Nd2 c5 4. exd5 exd5 5. Ngf3 Nc6 6. Bb5 Bd6 7. dxc5 Bxc5 8.
O-O Nge7 9. Nb3 Bd6 10. Re1 O-O 11. Bd3 Ng6 12. Bg5 Qc7 13. Bxg6 hxg6 14. c3
Ne5 15. Nxe5 Bxe5 16. h3 Be6 17. Re3 Rfe8 18. Bh4 f5 19. Qd3 Bf7 20. Rae1 a6
21. Kh1 Kf8 22. Nd4 Bxd4 23. Be7+ Kg8 24. Qxd4 Rac8 25. Bg5 Re4 26. Qd1 Rce8
27. f3 Rxe3 28. Rxe3 Rxe3 29. Bxe3 d4 30. Bxd4 Bxa2 31. b3 Qf7 32. b4 Qe6 33.
Qd2 Bd5 34. Qf4 Qd7 35. Qe5 Qf7 36. h4 Bc4 37. Kg1 Bd5 38. Kf2 Bc4 39. Kg3 Bd5
40. Kf4 Kh7 41. Kg3 Be6 42. Qf4 Bd5 43. Kf2 Bc4 44. Be5 Bb5 45. Kg3 Bc4 46. Qd4
Bf1 47. Kf2 Bb5 48. Kg3 Bf1 49. Qd8 Qa2 50. Kf4 Qxg2 51. Qe7 Qh2+ 52. Ke3 Qe2+
53. Kf4 Qh2+ 54. Ke3 Qe2+ 55. Kf4 Qh2+ 1/2-1/2

[Event "Torneo First Saturday GM Luglio"]
[Site "Budapest HUN"]
[Date "1995.07.??"]
[Round "?"]
[White "Lukacs, Peter"]
[Black "Godena, Michele"]
[WhiteElo "2480"]
[BlackElo "2420"]
[Result "1-0"]
[PlyCount "63"]
[EventDate "1995.07.??"]

1. d4 d5 2. c4 e6 3. Nf3 c6 4. e3 f5 5. Be2 Bd6 6. O-O Nf6 7. b3 Qe7 8. Bb2 b6
9. Ne5 Bb7 10. Nd2 Nbd7 11. Rc1 Rc8 12. cxd5 exd5 13. Bd3 Nxe5 14. dxe5 Bxe5
15. Bxe5 Qxe5 16. Nf3 Qe7 17. Bxf5 Rd8 18. Nd4 c5 19. Nf3 O-O 20. Bd3 Kh8 21.
Qe2 Qd6 22. Ng5 d4 23. e4 Rde8 24. f4 h6 25. e5 Qd8 26. h4 Qc8 27. f5 Re7 28.
Ne6 Rxe6 29. fxe6 Ng8 30. Qg4 Ne7 31. Rxf8+ Qxf8 32. Rf1 1-0

[Event "Torneo First Saturday GM Luglio"]
[Site "Budapest HUN"]
[Date "1995.07.??"]
[Round "1"]
[White "Kahn, Evarth"]
[Black "Godena, Michele"]
[WhiteElo "2350"]
[BlackElo "2420"]
[Result "1/2-1/2"]
[PlyCount "43"]
[EventDate "1995.07.??"]

1. d4 d5 2. c4 e6 3. Nc3 Bb4 4. cxd5 exd5 5. Nf3 Ne7 6. Bg5 h6 7. Bh4 c6 8. e3
Qa5 9. Qc2 Nf5 10. Bg3 Nxg3 11. hxg3 Nd7 12. Bd3 Nf6 13. O-O O-O 14. a3 Bd6 15.
b4 Qd8 16. b5 c5 17. dxc5 Bxc5 18. Rfd1 Qd6 19. Qb3 Be6 20. Ne2 Rac8 21. Nf4
Qb6 22. Rac1 1/2-1/2

[Event "Torneo First Saturday GM Luglio"]
[Site "Budapest HUN"]
[Date "1995.07.??"]
[Round "3"]
[White "Godena, Michele"]
[Black "Engqvist, Thomas"]
[WhiteElo "2420"]
[BlackElo "2405"]
[Result "1-0"]
[PlyCount "61"]
[EventDate "1995.07.??"]

1. e4 c6 2. d4 d5 3. Nc3 dxe4 4. Nxe4 Nd7 5. Nf3 Ngf6 6. Nxf6+ Nxf6 7. Ne5 Nd7
8. Nd3 g6 9. c3 Bg7 10. Bf4 O-O 11. Be2 Re8 12. O-O Qb6 13. Re1 Nf6 14. Qb3 Be6
15. Qa3 Bc4 16. Nc5 Bxe2 17. Rxe2 Nd5 18. Be5 Bxe5 19. Rxe5 Qc7 20. Rae1 Nf6
21. h3 e6 22. R5e3 Kg7 23. Nd3 Re7 24. Rf3 Ne8 25. Qc5 h6 26. Ne5 Qd6 27. Qc4
Nf6 28. Qd3 Qd8 29. Ree3 Qe8 30. c4 Rd8 31. Rf4 1-0